000 00587nam a22001697a 4500
010 _aENG-144812
020 _a9789384566234
_c1500.00
035 _aEN-128344
037 _bDBAD
082 _a320.95954
245 _aMuslim Politics In Bengal Legislative Perspective/
_cEdited by Snehangshu Bhattacharjee
260 _aKolkata
_bInstitute of Social and Cultural Studies
_c23 Jan 2019
270 _a48/2, Dr. Suresh Sarkar Road,
_bKolkata,
_e700014
_k033-65339003
_miscskol@gmail.com
300 _a684p.
_c24cm.(HB)
490 _v1
942 _2ddc
_cEN
_h320.95954
_mBha
999 _c211180
_d211180